Hraničářův učeň. Kniha šestnáctá, Útěk z Falaise /
Další kniha fantasy série o hraničářském učni a jeho přátelích.
Uloženo v:
| Série: | Hraničářův učeň,
část 16 |
|---|---|
| Hlavní autor: | |
| Další autoři: | |
| Médium: | E-kniha |
| Jazyk: | Czech |
| Vydáno: |
V Praze :
Egmont,
2021
|
| Vydání: | První vydání |
| Edice: | Fantasy (Egmont)
|
| Témata: | |
| Příbuzné jednotky: | Z cyklu::
Hraničářův učeň |
| Tagy: |
Žádné tagy |
| LEADER | 02894cam a2200601 i 4500 | ||
|---|---|---|---|
| 001 | 299158 | ||
| 003 | CZ PrSKC | ||
| 005 | 20260424063143.0 | ||
| 007 | ta | ||
| 008 | 211104s2021 xr c 000 f cze d | ||
| 015 | |a cnb003366583 | ||
| 020 | |a 9788025250709 |q (vázáno) : |c Kč 349,00 | ||
| 035 | |a (OCoLC)1240907685 | ||
| 035 | |a (OCoLC)1288051813 | ||
| 035 | |a (OCoLC)1291385441 | ||
| 040 | |a CBA001 |b cze |d ABG001 |e rda | ||
| 041 | 1 | |a cze |h eng | |
| 072 | 7 | |a 821.111-3 |x Anglická próza, anglicky psaná |2 Konspekt | |
| 072 | 7 | |a 821-93 |x Literatura pro děti a mládež (beletrie) |2 Konspekt | |
| 080 | |a 821.111(94)-31 |2 MRF | ||
| 080 | |a 821-93 |2 MRF | ||
| 080 | |a (0:82-312.9) |2 MRF | ||
| 100 | 1 | |a Flanagan, John, |d 1944- |7 xx0081982 |4 aut | |
| 240 | 1 | 0 | |a Escape from Falaise. |l Česky |
| 245 | 1 | 0 | |a Hraničářův učeň. |n Kniha šestnáctá, |p Útěk z Falaise / |c John Flanagan ; z anglického originálu Ranger's apprentice: the royal ranger - Escape from Falaise přeložila Eva Dejmková |
| 246 | 3 | 0 | |a Útěk z Falaise |
| 250 | |a První vydání | ||
| 264 | 1 | |a V Praze : |b Egmont, |c 2021 | |
| 300 | |a 239 stran ; |c 21 cm | ||
| 336 | |a text |b txt |2 rdacontent | ||
| 337 | |a bez média |b n |2 rdamedia | ||
| 338 | |a svazek |b nc |2 rdacarrier | ||
| 490 | 1 | |a Fantasy | |
| 500 | |a Dotisk v roce 2022 | ||
| 520 | 2 | |a Další kniha fantasy série o hraničářském učni a jeho přátelích. |b Když jejich plán na záchranu galického prince strašlivě selže, Will Dohoda a jeho učeňka Maddie jsou uvězněni na hradě Falaise. Nebezpečný baron Lassigny má v úmyslu držet je i prince za každou cenu v zajetí, ale Will a Maddie jsou odhodláni uprchnout a pokusit se zachránit prince ještě jednou. Všechno se však zdá být proti nim. Dokážou i tentokrát zvítězit? Nakladatelská anotace. | |
| 521 | 8 | |a Pro čtenáře od 10 let | |
| 655 | 7 | |a australské romány |7 fd131842 |2 czenas | |
| 655 | 7 | |a fantasy romány |7 fd184199 |2 czenas | |
| 655 | 7 | |a publikace pro mládež |7 fd133157 |2 czenas | |
| 655 | 9 | |a Australian fiction |2 eczenas | |
| 655 | 9 | |a fantasy novels |2 eczenas | |
| 655 | 9 | |a juvenile literature |2 eczenas | |
| 700 | 1 | |a Dejmková, Eva |7 xx0111678 |4 trl | |
| 765 | 1 | |t Ranger's apprentice | |
| 765 | 1 | |t Royal ranger | |
| 787 | 0 | 8 | |i Z cyklu: |t Hraničářův učeň |g 16 |
| 830 | 0 | |a Fantasy (Egmont) | |
| 900 | |a ABA001 |b 21 | ||
| 928 | 9 | |a Albatros Media - Egmont | |
| 044 | |a xr | ||
| 910 | |a RBIT002 | ||
| 998 | |d 340437 |a https://core.palmknihy.cz/api/books/340437/cover?si7hbu |b https://core.palmknihy.cz/api/books/340437/cover/400?si7hbu |c https://core.palmknihy.cz/api/books/340437/cover/50?si7hbu |e 2031-04-10 |g 240 |i 9788025250709 |j https://core.palmknihy.cz/api/books/340437/preview.epub |k https://core.palmknihy.cz/api/books/340437/preview.pdf |l |q 49 |r 1 |s https://www.palmknihy.cz/kniha/340437 |t ebook |y 2021 |z 0 |v Hraničářův učeň |w 16 | ||
| 999 | |d 299156 | ||